BIBLIOTHÈQUE DE LA MAISON DU MEXIQUE

Logo 1 Logo 2

Señas particulares (notice nᵒ 2247)

détails MARC
000 -Sello discográfico
campo de control de longitud fija 01156nam a2200337 4500
005 - Identificación de versión
campo de control 20251016083243.0
010 ## - Número Estándar Internacional de Libros (ISBN)
Número (ISBN) 968-16-2689-3
035 ## - Otros números de control del sistema
Número de control del sistema 25108
099 ## - fechas locales
Tipo de ítem Koha LIBRO
100 ## - Datos de procesamiento general
Datos de procesamiento general 19971215d1987 m y1spay5003 ba
105 ## - Campo de datos codificados: Material textual, monográfico
Datos codificados de monografía y 001zc
200 1# - Título y mención de responsabilidad
Título propio Señas particulares
Designación general del material texto impreso
Otra información del título escritora : ensayos sobre escritoras mexicanas del siglo XX
Primer mención de responsabilidad Fabienne Bradu
205 ## - Declaración de edición
Declaración de edición 1a ed
210 ## - Publicación, distribución, etc.
Lugar de publicación, distribución, etc. México
Nombre del editor, distribuidor, etc. Fondo de Cultura Económica
Fecha de publicación, distribución, etc. 1987
215 ## - Descripción física
Designación de material específico y extensión del ítem 138 p
Dimensiones 21 cm
327 ## - Nota de contenidos
Texto de la nota Elena Garro - Inés Arredondo - Josefina Vicens - Julieta Campos - Rosario Castellanos - Luisa Josefina Hernández - Maria Luisa Puga
345 ## - Nota de información de adquisición
Fuente de adquisición/dirección de la suscripción [OBSOLETO] Donación
410 #1 - Series
Título Vida y pensamiento de México
606 ## - Término temático usado como materia
Elemento de entrada Autores
Subdivisión temática México
Número Koha 5302
606 ## - Término temático usado como materia
Elemento de entrada Mujeres como autoras
Subdivisión geográfica México
Número Koha 947
606 ## - Término temático usado como materia
Elemento de entrada Mujeres en la literatura
Subdivisión geográfica México
Número Koha 872
660 ## - Código de área geográfica
Código MX
700 ## - Nombre personal - Responsabilidad primaria
Elemento de entrada Bradu
Parte del nombre distinta del elemento de entrada Fabienne
Fechas 1954-
Número Koha 2214
801 #0 - Fuente de origen
Agencia cm
900 ## -
-- 1/14984
900 ## -
-- 710976568\\151297
942 ## - ELEMENTOS DE ENTRADA SECUNDARIOS (KOHA)
Tipo de ítem Koha Livre
996 ## -
-- MEX
-- 751145101
-- MMAG
-- 006630
-- 860.9 B82S
-- 20220624LIV
Exemplaires
Estatus retirado Estado de daño Estado de pérdida Fecha de adquisición Biblioteca de origen Biblioteca actual Ubicación en estantería Código de barras Precio de reemplazo Signatura topográfica completa No para préstamo Tipo de ítem Koha Nota pública Nota no pública
      05/08/2025 Casa México Paris Casa México Paris   006630 05/08/2025 860.9 B82S   Livre 20220624LIV 751145101